<?xml version="1.0" encoding="UTF-8"?>
<collection xmlns="http://www.loc.gov/MARC21/slim">
 <record>
  <leader>01144nam a22001931  4500</leader>
  <controlfield tag="001">1/11840</controlfield>
  <controlfield tag="008">971216s1997    gre           001 0 gr  d</controlfield>
  <datafield tag="035" ind1=" " ind2=" ">
   <subfield code="l">12204</subfield>
  </datafield>
  <datafield tag="040" ind1=" " ind2=" ">
   <subfield code="a">GR-PeUP</subfield>
  </datafield>
  <datafield tag="082" ind1="0" ind2="0">
   <subfield code="a">336 ΕΘ</subfield>
  </datafield>
  <datafield tag="110" ind1="2" ind2=" ">
   <subfield code="a">Εθνική Τράπεζα της Ελλάδος. Επιτροπή για την εξέταση της μακροπρόθεσμης οικονομικής πολιτικής.</subfield>
  </datafield>
  <datafield tag="245" ind1="1" ind2="0">
   <subfield code="a">Αποτελεσματικότερη διαχείριση των δημόσιων εσόδων/</subfield>
   <subfield code="c">Εθνική Τράπεζα της Ελλάδος. Επιτροπή για την εξέταση της μακροπρόθεσμης οικονομικής πολιτικής.</subfield>
  </datafield>
  <datafield tag="260" ind1=" " ind2=" ">
   <subfield code="a">Αθήνα:</subfield>
   <subfield code="b">[χ.ο.],</subfield>
   <subfield code="c">1997.</subfield>
  </datafield>
  <datafield tag="300" ind1=" " ind2=" ">
   <subfield code="a">112σ.;</subfield>
   <subfield code="c">26 εκ.</subfield>
  </datafield>
  <datafield tag="650" ind1=" " ind2="4">
   <subfield code="a">Δημόσια οικονομική.</subfield>
  </datafield>
  <datafield tag="650" ind1=" " ind2="4">
   <subfield code="a">Δημοσιονομική πολιτική.</subfield>
  </datafield>
  <datafield tag="710" ind1="2" ind2="0">
   <subfield code="a">Εθνική Τράπεζα της Ελλάδος.</subfield>
  </datafield>
  <datafield tag="852" ind1=" " ind2=" ">
   <subfield code="a">INST</subfield>
   <subfield code="b">UNIPILB</subfield>
   <subfield code="c">MAIN</subfield>
   <subfield code="e">20040709</subfield>
   <subfield code="h">336 ΕΘ</subfield>
   <subfield code="p">00127438</subfield>
   <subfield code="q">00127438</subfield>
   <subfield code="t">LOAN</subfield>
   <subfield code="y">0</subfield>
   <subfield code="4">1</subfield>
  </datafield>
  <datafield tag="852" ind1=" " ind2=" ">
   <subfield code="a">INST</subfield>
   <subfield code="b">UNIPILB</subfield>
   <subfield code="c">MAIN</subfield>
   <subfield code="e">20040709</subfield>
   <subfield code="h">336 ΕΘ</subfield>
   <subfield code="p">00128731</subfield>
   <subfield code="q">00128731</subfield>
   <subfield code="t">LOAN</subfield>
   <subfield code="y">0</subfield>
   <subfield code="4">2</subfield>
  </datafield>
 </record>
</collection>
